00710nas a2200229Ia 4500001001600000003001000016008004100026040002500067041001300092100001400105210002300119222002300142245004700165250001100212260000900223501012300232300001400355362002700369500004600396650002700442700001100469A06/R060-31397 IT-MiCISF161014c99999999xx |||||||||||| ||und|| aIT-MiCISFcIT-MiCISF aITALIANO aRei Dario aAnimazione sociale aAnimazione sociale 0aGratuità come etica per il terzo settore a1a ed. c1999 bCISF - Centro Internazionale Studi Famiglia - Via Giotto, 36 20145 MILANO (non commercial uses only)cCopyright 2016 app. 19-26 an. 12, dicembre [1999] a Tema: volontariato, etica, terzo-settore avolontariatovarticolo aAA.VV.